Jeux vidéo en image - R - Statistiques

Statistiques générales
  • Ce quiz a été pris 127 fois
    53 depuis la dernière actualisation
  • Le résultat moyen est 10 sur 20
Statistiques - réponses
Par images Réponse % Correct
Red Dead Redemption II
96%
Roblox
92%
Rocket League
92%
Rayman Legends
90%
Resident Evil 4
83%
Ratchet and Clank: Rift Apart
81%
Rainbow Six: Siege
75%
Raft
63%
RoboCop: Rogue City
60%
Rust
50%
Riders Republic
46%
Rematch
42%
Rage 2
38%
Ready or Not
23%
Realm Royale Reforged
23%
Risk of Rain 2
23%
Road 96
19%
Remnant 2
17%
Reanimal
10%
Remember Me
8%
Aucun quiz correspondant
Distribution des résultats
% des personnes avec chaque résultat
Percentile par nombre de réponses
Votre historique - résultats
Vous n’avez pas pris ce quiz depuis la dernière actualisation